| 000 | 01082nam a22002417a 4500 | ||
|---|---|---|---|
| 005 | 20240305165452.0 | ||
| 007 | cr|||| ||| | ||
| 008 | 170902s2017 es |||||s|||| 00||0 spa d | ||
| 020 | _a978-84-16608-63-8 | ||
| 035 | _a20499 | ||
| 040 | _avLex | ||
| 090 |
_c6898 _d6898 |
||
| 100 | 1 | _aGarcía-Muñoz Alhambra, Manuel Antonio | |
| 245 | 1 | 2 |
_aLa negociación colectiva europea de sector _h[Recurso electrónico] / _cManuel Antonio García-Muñoz Alhambra |
| 256 | _aServicio en línea | ||
| 260 |
_aAlbacete: _bEditorial Bomarzo, _c2017 |
||
| 300 | _a1 recurso electrónico | ||
| 506 | 1 |
_aDisponible solo en los productos indicados _dvLex Global _dvLex Global (Academic Edition, excluding Law Schools) _dvLex Global (U.S. Academic Edition, Law Schools) _dvLex Global (U.S. Academic Edition, excluding Law Schools) _dvLex Global (Academic Edition, Law Schools) |
|
| 650 | 0 | 4 |
_aDerecho Laboral y Seguridad Social _zEspaña |
| 740 | 0 | _avLex Libros (Servicio en línea) | |
| 856 | 4 | 0 | _uhttps://app.vlex.com/#/sources/negociacion-colectiva-europea-de-sector-20499 |
| 942 | _cRAA | ||
| 999 |
_c165145 _d165145 |
||